Souvenir of first Pakistan Printing & Graphic Arts Exhibition and Seminar, 13th March-16th March, 1967, (Record no. 79935)
[ view plain ]
| 000 -LEADER | |
|---|---|
| fixed length control field | 01013cam a22002411 4500 |
| 001 - CONTROL NUMBER | |
| control field | sa 68004058 |
| 003 - CONTROL NUMBER IDENTIFIER | |
| control field | DLC |
| 005 - DATE AND TIME OF LATEST TRANSACTION | |
| control field | 20260227112458.0 |
| 008 - FIXED-LENGTH DATA ELEMENTS--GENERAL INFORMATION | |
| fixed length control field | 711020s1967 pk a 100 0 eng |
| 010 ## - LIBRARY OF CONGRESS CONTROL NUMBER | |
| LC control number | sa 68004058 |
| 025 ## - OVERSEAS ACQUISITION NUMBER | |
| Overseas acquisition number | PL480:P-E-1199 |
| 040 ## - CATALOGING SOURCE | |
| Original cataloging agency | DLC |
| Transcribing agency | DLC |
| Modifying agency | DLC |
| 041 0# - LANGUAGE CODE | |
| Language code of text/sound track or separate title | engurd |
| 050 00 - LIBRARY OF CONGRESS CALL NUMBER | |
| Classification number | Z120 |
| Item number | .P25 1967 |
| 111 2# - MAIN ENTRY--MEETING NAME | |
| Meeting name or jurisdiction name as entry element | Pakistan Printing & Graphic Arts Exhibition and Seminar |
| Number [OBSOLETE] | (1st : |
| Location of meeting | 1967 : |
| Date of meeting or treaty signing | Karachi, Pakistan) |
| 245 10 - TITLE STATEMENT | |
| Title | Souvenir of first Pakistan Printing & Graphic Arts Exhibition and Seminar, 13th March-16th March, 1967, |
| Remainder of title | under the auspices of Pakistan Association of Printing and Graphic Arts Industry. |
| 260 ## - PUBLICATION, DISTRIBUTION, ETC. | |
| Place of publication, distribution, etc. | Karachi, |
| Name of publisher, distributor, etc. | Mazhar Yousuf for Pakistan Association of Printing and Graphic Arts Industry (Karachi Zone) |
| Date of publication, distribution, etc. | 1967. |
| 300 ## - PHYSICAL DESCRIPTION | |
| Extent | 112 p. |
| Other physical details | illus. |
| Dimensions | 29 cm. |
| 500 ## - GENERAL NOTE | |
| General note | "Organized by PAPGAI (Karachi Zone)" |
| 500 ## - GENERAL NOTE | |
| General note | English or Urdu. |
| 650 #0 - SUBJECT ADDED ENTRY--TOPICAL TERM | |
| Topical term or geographic name entry element | Printing |
| General subdivision | Congresses. |
| 710 2# - ADDED ENTRY--CORPORATE NAME | |
| Corporate name or jurisdiction name as entry element | Pakistan Association of Printing and Graphic Arts Industry. |
| Subordinate unit | Karachi Zone. |
No items available.